| 000 | 00841nam a22002777a 4500 | ||
|---|---|---|---|
| 003 | CHAP | ||
| 005 | 20220329134638.0 | ||
| 008 | 971013s1966 r 00010 d | ||
| 010 | _a23525 | ||
| 011 | _a24497 | ||
| 035 | _a28596 | ||
| 040 | _cCHAP | ||
| 082 |
_a631.16 _bC4 |
||
| 100 | 0 | 0 |
_aChiaramonte, Edoardo. _922251 |
| 245 | _aManuale di contabilitá agraria | ||
| 260 |
_a(s.l.) : _bAssociazione fra le Casse di Risparmio Italiane, _c(1966) |
||
| 300 | _a78 p | ||
| 490 |
_aCollana per agricoltori _v; 10 |
||
| 590 |
_aBATCH-UPD _b10 _c20130110 _lUCH01 _h2017 |
||
| 590 |
_aCONVERSION _b10 _c20130109 _lUCH01 _h1314 |
||
| 650 | 1 | 4 |
_aAgricultura _xContabilidad. _91378 |
| 830 | 0 |
_aCollana per agricoltori _v; 10 _925203 |
|
| 901 | _aBK | ||
| 942 | _cLIBRO | ||
| 949 |
_a631.16 C4 _bBC _cLIBRO _d33724000055414 _eLIBRO _h11441 _i28596 _mD _si |
||
| 999 |
_c23525 _d23525 |
||